000 00648nam a2200229Ia 4500
008 160418s9999 xx 000 0 und d
020 _a971-574-073-1
050 _aFIL T 11
050 _b.A43 2003
100 _aAlcantara, Rebecca D.
245 _aTechnical writing for Filipino students /
245 _cRebecca D. Alcantara, Felicidad P. Espina.
250 _a2nd Edition
260 _aQuezon City:
260 _bKatha Pub. Co., Inc.,
260 _c2003
300 _a160 pages :
300 _billustrations ;
300 _c25 cm.
500 _aIncludes bibliographical references.
650 _aTechnical writing -- Philippines.
999 _c293461
_d293461